Capitals of the Countries that Start with U - Statistics

General Stats
  • This quiz has been taken 178 times
  • The average score is 7 of 7
Answer Stats
Country Capital % Correct
Ukraine Kiev
99%
United Kingdom London
99%
United States Washington D.C.
99%
United Arab Emirates Abu Dhabi
95%
Uruguay Montevideo
95%
Uganda Kampala
83%
Uzbekistan Tashkent
82%
No matching quizzes found
Score Distribution
Percent of People with Each Score
Percentile by Number Answered
Your Score History
You have not taken this quiz